000 00938nam a2200289 a 4500
001 000014375
005 20200929163608.0
008 091210s2000 sp a 000 f spa d
020 _a8495501651
040 _aDO-SdBNP
_bspa
_cBNPHU
041 1 7 _aspa
_heng
_2Código de idioma MARC
082 _a813.5
_bN523c, 2000
100 1 _aNeville, Katherine,
_d1945-
_931991
240 1 4 _aThe magic circle.
_lEspañol
245 1 3 _aEl círculo mágico /
_cKatherine Neville ; traducción de Laura Paredes.
250 _a4a ed.
260 _a[Madrid] :
_bSuma de Letras,
_c2000.
300 _a748, [1] p. :
_bil. ;
_c18 cm.
490 1 _aPunto de lectura
_v10/3
534 _pTítulo original en inglés:
_tThe magic circle
_c1998
650 4 _aNovela estadounidense
_9262
650 4 _aLiteratura estadounidense
_9263
700 1 _aParedes, Laura,
_etr.
_932465
830 0 _aPunto de lectura ;
_v10/3
_93047
910 _aWM
049 _aBNGR
999 _c13967
_d13967